000 01277nam0a22003251 4500
001 RU\NLR\INFOCOMM_223\5000043045
005 20250613093258.0
035 _a(NLR Aleph) 009198017
090 _a8671832
_c8671832
100 _a20100520d1992 |||y0rusy50 ca
101 0 _aeng
_drus
102 _aRU
105 _ay ||||000|y
200 1 _aˆThe ‰gravitational radius in the Lobachevsky space
_fN. A. Chernikov
210 _aДубна
_cОбъедин. ин-т ядер. исслед.
_d1992
215 _a28 с.
_d22 см
225 1 _aОбъединенный институт ядерных исследований, Дубна
_vЕ2-92-394
300 _aНа 3-й с. обл.: Гравитационный радиус в пространстве Лобачевского / Черников Н. А.
300 _aРез. на рус. яз.
300 _a"Submitted to "Quantum nonlinear phenomena"
320 _aБиблиогр.: с. 28
606 _aГравитация
_xТеория
_2nlr_sh1
686 _aВ313.39
_2rubbk
700 1 _9z01790
_aČernikov
_bN. A.
_gNikolaj Aleksandrovič
_4070
790 1 _9z01700
_aChernikov
_bN. A.
_4070
801 1 _aRU
_bNLR
_c20100520
801 0 _aRU
_bNLR
_gPSBO
852 _aNLR
_jФз01 Д-6/832
942 _cBOOK
980 _aNB